| 000 | 005490000a22001930004500 | ||
|---|---|---|---|
| 001 | 61320 | ||
| 010 | _a978-989-97605-2-3 | ||
| 100 | _a20041130d2012 a||y0pory5003 ba | ||
| 101 | 0 | _apor | |
| 102 | _aPT | ||
| 200 | 1 |
_aBranca de Neve _fadapt. de Suzanne Kabok _gtrad. Elisabete Ramos |
|
| 210 |
_aBraga _cPaleta de Letras _d2012 |
||
| 215 |
_a44 p. _cil |
||
| 606 | _aLiteratura para crianças e jovens | ||
| 675 |
_a821.112.2-34 _vBN _zpor |
||
| 090 | _a61320 | ||
| 942 |
_cMON _n0 |
||
| 999 | _a15170 | ||